Fire Emblem Heroes: Book 2 - Statistics

General Stats
  • This quiz has been taken 17 times
  • The average score is 107 of 126
Answer Stats
Hint Source Answer % Correct
New Heroes (Genealogy) Genealogy Ares: Black Knight
100%
Fallen Heroes Valentia Celica: Imprisoned Soul
100%
Arrival of the Brave Valentia Celica: Warrior Priestess
100%
The Land's Bounty Blazing Dorcas: Pumpkin Smasher
100%
Sacred Memories Sacred Eirika: Anamnesis Lady
100%
Legendary Hero Sacred Eirika: Graceful Resolve
100%
Festival in Hoshido RD Elincia: Estival Princess
100%
Love Abounds Blazing Eliwood: Devoted Love
100%
Legendary Hero Sacred Ephraim: Legendary Lord
100%
Arrival of the Brave Sacred Ephraim: Sacred Twin Lord
100%
Legendary Hero Heroes Fjorm: Princess of Ice
100%
Legendary Hero Heroes Gunnthrá: Voice of Dreams
100%
Arrival of the Brave Blazing Hector: Brave Warrior
100%
Love Abounds Blazing Hector: Just Here to Fight
100%
Legendary Hero Blazing Hector: Marquess of Ostia
100%
Generals of Múspell Heroes Helbindi: Savage Scourge
100%
Legendary Hero Heroes Hríd: Icy Blade
100%
New Heroes (Genealogy) Genealogy Julius: Scion of Darkness
100%
Generals of Múspell Heroes Laegjarn: Sheathed Steel
100%
Generals of Múspell Heroes Laevatein: Searing Steel
100%
Scattered Fangs Blazing Legault: The Hurricane
100%
World of Thracia Thracia Leif: Prince of Leonster
100%
New Heroes (Genealogy) Genealogy Lene: Yearning Dancer
100%
Love Abounds Binding Lilina: Blush of Youth
100%
A Sketchy Summer Archanea Linde: Summer Rays
100%
Scattered Fangs Blazing Linus: Mad Dog
100%
Brave Redux Heroes Loki: The Trickster
100%
Legendary Hero Blazing Lyn: Lady of the Wind
100%
Love Abounds Blazing Lyn: Wind's Embrace
100%
Sacred Memories Sacred Lyon: Shadow Prince
100%
Bridal Bloom Archanea Marth: Altean Groom
100%
Legendary Hero Archanea Marth: Hero-King
100%
The Land's Bounty RD Mia: Moonlit Witch
100%
World of Dawn RD Micaiah: Priestess of Dawn
100%
Festival in Hoshido RD Micaiah: Summer’s Dawn
100%
World of Thracia Thracia Nanna: Nordion Princess
100%
Bridal Bloom Blazing Ninian: Bright-Eyed Bride
100%
Scattered Fangs Blazing Nino: Pale Flower
100%
World of Thracia Thracia Olwen: Righteous Knight
100%
World of Thracia Thracia Reinhardt: Thunder’s Sword
100%
Love Abounds Binding Roy: Youthful Gifts
100%
Bridal Bloom PoR Sanaki: Apostle in White
100%
World of Dawn RD Sothe: Zephyr
100%
Fire and Ice Heroes Surtr: Ruler of Flame
100%
A Sketchy Summer Archanea Tiki: Beachside Scion
100%
Legendary Hero Archanea Tiki: Legendary Dragon
100%
Arrival of the Brave Heroes Veronica: Brave Princess
100%
Fire and Ice Heroes Ylgr: Fresh Snowfall
100%
Hares at the Fair Heroes Alfonse: Spring Prince
83%
Brave Redux Awakening Aversa: Dark One
83%
Happy New Year! Fates Azura: Celebratory Spirit
83%
Adrift Fates Azura: Young Songstress
83%
Adrift Fates Camilla: Flower of Fantasy
83%
Happy New Year! Fates Camilla: Holiday Traveler
83%
A Sketchy Summer Fates Camilla: Tropical Beauty
83%
Hares at the Fair Archanea Catria: Spring Whitewing
83%
Winter's Envoy Awakening Chrom: Gifted Leader
83%
The Branded King Awakening Chrom: Knight Exalt
83%
Summer's Arrival Awakening Cordelia: Knight Paradise
83%
Adrift Fates Corrin: Dream Prince
83%
Adrift Fates Corrin: Dream Princess
83%
Happy New Year! Fates Corrin: Enjoying Tradition
83%
Doorway to Destiny Genealogy Ethlyn: Spirited Princess
83%
World of Thracia Thracia Finn: Lance of Legend
83%
Fire and Ice Archanea Gharnef: Dark Pontifex
83%
Wings of Fate Fates Hinoka: Blue Sky Warrior
83%
Legendary Hero RD Ike: Vanguard Legend
83%
Summer's Arrival Sacred Innes: Flawless Form
83%
New Heroes (Genealogy) Genealogy Ishtar: Thunder Goddess
83%
Arrival of the Brave Genealogy Jamke: Prince of Verdane
83%
Scattered Fangs Blazing Karla: Sword Vassal
83%
Brave Redux Valentia Kliff: Curious Spirit
83%
Sacred Memories Sacred L'Arachel: Princess of Light
83%
Doorway to Destiny Genealogy Lewyn: Guiding Breeze
83%
Winter's Envoy Awakening Lissa: Pure Joy
83%
Legendary Hero Awakening Lucina: Glorious Archer
83%
Sacred Memories Sacred Myrrh: Great Dragon
83%
The Land's Bounty Sacred Myrrh: Spooky Monster
83%
World of Dawn RD Oliver: Admirer of Beauty
83%
Doorway to Destiny Genealogy Quan: Luminous Lancer
83%
Children of Fate Fates Rhajat: Black Magician
83%
Fallen Heroes Awakening Robin: Fell Reincarnation
83%
Legendary Hero Awakening Robin: Fell Vessel
83%
Winter's Envoy Awakening Robin: Festive Tactician
83%
Festival in Hoshido Fates Ryoma: Dancing Samurai
83%
Legendary Hero Fates Ryoma: Supreme Samurai
83%
Hares at the Fair Heroes Sharena: Spring Princess
83%
Children of Fate Fates Shiro: Raw Talent
83%
Children of Fate Fates Siegbert: Future King
83%
Children of Fate Fates Soleil: Adorable Adorer
83%
Fallen Heroes Fates Takumi: Empty Vessel
83%
A Sketchy Summer Fates Takumi: Prince at Play
83%
Happy New Year! Fates Takumi: Prince of Soup
83%
Summer's Arrival Sacred Tana: Noble and Nimble
83%
Winter's Envoy Awakening Tharja: "Normal Girl"
83%
Bridal Bloom Awakening Tharja: Obsessive Bride
83%
Festival in Hoshido Fates Xander: Dancing Knight
83%
World of Dawn RD Zelgius: Jet-Black General
83%
Nohrian Dusk Fates Garon: King of Nohr
67%
The Branded King Awakening Gerome: Masked Rider
67%
Fallen Heroes Archanea Hardin: Dark Emperor
67%
The Land's Bounty Fates Kagero: Beverage Ninja
67%
Hares at the Fair Fates Kagero: Spring Ninja
67%
Wings of Fate Fates Kana: Dragon Princess
67%
Wings of Fate Fates Kana: Dragon Spawn
67%
Wings of Fate Fates Kaze: Easygoing Ninja
67%
Ylissean Travelers Awakening Maribelle: Dire Damsel
67%
Sacred Memories Sacred Marisa: Crimson Flash
67%
Adrift Fates Mikoto: Caring Mother
67%
The Branded King Awakening Morgan: Lad from Afar
67%
The Branded King Awakening Morgan: Lass from Afar
67%
Nohrian Dusk Fates Nina: Eye Spy
67%
Nohrian Dusk Fates Ophelia: Dramatic Heroine
67%
Brave Redux Awakening Owain: Chosen One
67%
World of Thracia Thracia Saias: Bishop of Flame
67%
Wings of Fate Fates Shigure: Uplifting Artist
67%
Nohrian Dusk Fates Silas: Loyal Knight
67%
Doorway to Destiny Genealogy Silvia: Traveling Dancer
67%
Ylissean Travelers Awakening Sumia: Maid of Flowers
67%
Ylissean Travelers Awakening Walhart: The Conqueror
67%
Scattered Fangs Blazing Canas: Wisdom Seeker
50%
Nohrian Dusk Fates Flora: Cold as Ice
50%
Ylissean Travelers Awakening Libra: Fetching Friar
50%
The Land's Bounty Fates Niles: Forbidden Tease
50%
Summer's Arrival Awakening Noire: Shade Seeker
50%
Ylissean Travelers Awakening Olivia: Sky-High Dancer
50%
No matching quizzes found
Score Distribution
Percent of People with Each Score
Percentile by Number Answered
Your Score History
You have not taken this quiz